Guidance and counselling / (Record no. 76852)

MARC details
000 -LEADER
fixed length control field 00484nam a22001697a 4500
005 - DATE AND TIME OF LATEST TRANSACTION
control field 20130621122102.0
010 ## - LCCN (DPL NO)
LC control number ENG-107699
020 ## - INTERNATIONAL STANDARD BOOK NUMBER
International Standard Book Number 9788189983291
Terms of availability 650.00
035 ## - SYSTEM CONTROL NUMBER
System control number EN-91232
037 ## - SOURCE OF ACQUISITION
Source of stock number/acquisition DBAD/PUB
245 ## - TITLE STATEMENT
Title Guidance and counselling /
Statement of responsibility, etc edited and compiled by O.P. Aneja
260 ## - PUBLICATION, DISTRIBUTION, ETC. (IMPRINT)
Place of publication, distribution, etc New Delhi
Name of publisher, distributor, etc Khel Sahitya Kendra
Date of publication, distribution, etc 2013
270 ## - ADDRESS
Address 7/26, Ansari Road, Daryaganj
City New Delhi
Postal code 110002
300 ## - PHYSICAL DESCRIPTION
Extent 255p.
Dimensions 22cm(Hb)
700 ## - ADDED ENTRY--PERSONAL NAME
Personal name Aneja, O.P.
942 ## - ADDED ENTRY ELEMENTS (KOHA)
Source of classification or shelving scheme Dewey Decimal Classification
Item type English Books
Call number suffix GUI
Holdings
Withdrawn status Lost status Not for loan Collection code Home library Current library Date acquired Source of acquisition Cost, normal purchase price Full call number Barcode Copy number Cost, replacement price Koha item type
    Not For Loan Non-fiction D.B.Act.Division D.B.Act.Division 21/06/2013 DBAD/PUB 650.00 GUI EN-91232 1 650.00 English Books

© Delhi Public Library
Hit Counter
free hit counter